000 00337nam a22001217a 4500
999 _c7738
_d7738
008 190314b ||||| |||| 00| 0 eng d
082 _a294.3 P38p 2014
245 _aདཔྱིད་ཀྱི་ཕོ་ཉ།
250 _a7th ed.
260 _aThimphu ;
_bPhama printing ,
_c2014.
300 _axvi, 185 p.
_bill.
_c27 cm.
942 _2ddc